00627nam a2200169Ia 4500008004100000020001800041041000800059082001500067100002500082245006000107260004700167300000900214500001000223650003400233999001700267952017300284220803s9999 xx 000 0 und d a9781426203817 aeng a712.36 AND aBateman H Ed.925400 aEdible : An Illustrated Guide To The Worlds Food Plants aWashingtonbNational Geographic Soc.c2008 a360p aLANDS aLandscape Architecture925401 c16188d16188 001040708Book of B ArchaBNCAbBNCAd2016-06-10eWord Bookg1396.50l2m1o712.36 ANDpBNCA-BK-9855r2023-04-03 00:00:00s2023-03-27v1396.50w2016-06-08yBKzB09855